| 000 | 01147nam a22002777a 4500 | ||
|---|---|---|---|
| 003 | dpl | ||
| 005 | 20180827150329.0 | ||
| 008 | 180827b xxu||||| |||| 00| 0 eng d | ||
| 010 | _aB-052125 | ||
| 020 |
_c180.00 _a8186754849 |
||
| 035 | _aB-052125, B-052127 | ||
| 037 | _bCen Lib/Ret | ||
| 040 |
_aDPL _bHN _c0 |
||
| 082 |
_aउ _bवशिष्ठ |
||
| 100 |
_aवशिष्ठ, देश बंधू _946829 |
||
| 245 |
_aनया सवेरा होने तक / _cदेश बंधू वशिष्ठ |
||
| 246 |
_aNaya savera hone tak / _bby Desh bandhu Vashishith |
||
| 260 |
_aनयी दिल्ली _bइरावदी प्रकाशन _c2002 |
||
| 270 |
_aसी-482, विकासपुरी _bनयी दिल्ली _e110018 |
||
| 300 |
_a199पृ. _c19सेमी (सजिल्द ) |
||
| 650 |
_aहिंदी साहित्य _x _z _969313 |
||
| 650 |
_aहिंदी साहित्य _v _xउपन्यास _969314 |
||
| 650 |
_aHindi literature _969315 |
||
| 650 |
_aHindi literature _xfiction _969316 |
||
| 942 |
_2ddc _cHN _hउ _mवशिष्ठ |
||
| 999 |
_c116969 _d116969 |
||